Los jardines de Adonis: la mitología griega de los aromas
محفوظ في:
| المؤلف الرئيسي: | |
|---|---|
| التنسيق: | كتاب |
| اللغة: | الإسبانية |
| منشور في: |
Madrid
Akal
1983
|
| الطبعة: | 1a. ed |
| سلاسل: | Colección Akal Universitaria. Serie Interdisciplinar, 46
|
| الموضوعات: | |
| الوسوم: |
إضافة وسم
لا توجد وسوم, كن أول من يضع وسما على هذه التسجيلة!
|
MARC
| LEADER | 00000cam a2200000 a 4500 | ||
|---|---|---|---|
| 001 | UCP3260 | ||
| 003 | CL-VaPUC | ||
| 008 | 990618e19830000SP |||||||||||||||||spa|d | ||
| 020 | |a 9788473396325 | ||
| 082 | 0 | 4 | |a 291.1 |b DET |2 21 |
| 100 | 0 | |a Detienne, Marcel |e author |9 430451 | |
| 245 | 1 | 4 | |a Los jardines de Adonis: la mitología griega de los aromas |
| 250 | |a 1a. ed | ||
| 300 | |a 239 p | ||
| 942 | |c BK | ||
| 945 | |d 19990618 00:00:00 |a rbrito | ||
| 260 | |a Madrid |b Akal |c 1983 | ||
| 650 | 0 | |a Mitología |9 255719 | |
| 650 | 0 | |a Mitología griega |9 265313 | |
| 650 | 0 | |a Simbolismo |9 267046 | |
| 583 | |a last modification |c 20130430 05:38:21 |k Rodrigo Vera | ||
| 490 | 0 | |a Colección Akal Universitaria. Serie Interdisciplinar, 46 | |
| 999 | |c 281634 |d 281632 | ||
| 952 | |0 0 |1 0 |4 0 |6 291_100000000000000_DET_1983 |7 0 |8 A |9 322528 |a BIBHIS |b BIBHIS |d 2019-11-20 |i 3527646 |o 291.1 DET 1983 |p 3527646 |r 2025-01-20 |w 2019-11-20 |y BK |k HIS | ||
| 952 | |0 0 |1 0 |4 0 |6 291_100000000000000_DET_1983 |7 0 |8 A |9 322529 |a BIBHIS |b BIBHIS |d 2019-11-20 |i 3653552 |o 291.1 DET 1983 |p 3653552 |r 2025-01-20 |w 2019-11-20 |y BK |k HIS | ||
| 952 | |0 0 |1 0 |4 0 |6 291_100000000000000_DET_1983 |7 0 |8 A |9 322530 |a BIBHIS |b BIBHIS |d 2019-11-20 |i 4969251 |o 291.1 DET 1983 |p 4969251 |r 2025-01-20 |w 2019-11-20 |y BK |k HIS | ||